000 00347 a2200169 4500
001 195000
020 _a
040 _cMagnum
100 _aLispector, Clarice
240 1 0 _aA hora da estrela
_lpor
245 1 0 _aA hora da estrela
300 _a88
362 0 _a1999
440 1 _aJosé Olympio
697 _aLITERATURA GERAL
942 _cBK
999 _c195000
_d195000